| 000 | 00686 a2200217 4500 | ||
|---|---|---|---|
| 003 | OSt | ||
| 005 | 20180116182619.0 | ||
| 008 | 160427b xxu||||| |||| 00| 0 eng d | ||
| 020 | _a8179923673 | ||
| 020 | _a9788179923672 | ||
| 040 | _c0 | ||
| 100 | _aOlenick,Arnold J. | ||
| 245 | 0 | 0 | _aNew finance library. |
| 260 |
_a[S.l.] : _bJaico Publishing House, _c2005. |
||
| 300 |
_a1 v. (unpaged) ; _c27 cm. |
||
| 500 | _aHardcover. | ||
| 650 | 4 | _aFinance. | |
| 856 | 4 | 0 |
_3Amazon.com _uhttp://www.amazon.com/exec/obidos/ASIN/8179923673/chopaconline-20 |
| 856 | 4 | 0 |
_3Amazon customer reviews _uhttp://www.chopac.org/cgi-bin/tools/azrev.pl?q=8179923673 |
| 942 |
_aNBS _cBK _k658.155 OLE _2ddc |
||
| 999 |
_c342742 _d342742 |
||